00397nam a22001577a 450000500170000000800410001702000270005804000090008504100120009408200180010610000200012424500410014426000350018530000080022065000110022820260209151010.0260209b |||||||| |||| 00| 0 eng d a9789383098736c1000.00 aMAIN aEnglish a709.5492bSWA aMahaveer, Swami aArt of Bikanerb: Indian Art Series  aNew DelhibNiyogi Books c2024 a111 aDesign